00372 a2200109 4500001001000000005001700010008004100027245008900068100002100157773006700178999001700245ART_3506020260410162005.0260409a 10aLa inviolabilidad de la pesona humana y el Código Civil y Comercial de la Nación1 aTanzi, Silvia Y.0 tTemas de derecho civilg- Año 1, Nº 1 (oct. 2015)wREV34778 c31605d31605